Imapct Of National Institute Of Open Schooling Programme/ (Record no. 167436)

MARC details
000 -LEADER
fixed length control field 00660nam a22001937a 4500
005 - DATE AND TIME OF LATEST TRANSACTION
control field 20190902163542.0
010 ## - LCCN (DPL NO)
LC control number ENG-126399
020 ## - INTERNATIONAL STANDARD BOOK NUMBER
Terms of availability 500.00
International Standard Book Number 978-93-89146-21-9
035 ## - SYSTEM CONTROL NUMBER
System control number EN-109931
037 ## - SOURCE OF ACQUISITION
Source of stock number/acquisition DBAD/PUB
082 ## - DEWEY DECIMAL CLASSIFICATION NUMBER
Classification number 370
100 ## - MAIN ENTRY--PERSONAL NAME
Personal name Baluchamy,S
245 ## - TITLE STATEMENT
Title Imapct Of National Institute Of Open Schooling Programme/
Statement of responsibility, etc by S.Baluchamy (and) T.S.Bala Gomala
260 ## - PUBLICATION, DISTRIBUTION, ETC. (IMPRINT)
Name of publisher, distributor, etc Shanlax
Place of publication, distribution, etc Tamil Nadu
Date of publication, distribution, etc 2019
270 ## - ADDRESS
City Madurai
Address 61,66T.P.K. Main Road Vasantha Nager
Postal code 625003
Telephone number 0452-4208765,7639303383
Electronic mail address publisher@shanlaxpublicationsl.com
300 ## - PHYSICAL DESCRIPTION
Extent 120p.
Dimensions 22cm(hb)
700 ## - ADDED ENTRY--PERSONAL NAME
Personal name Gomala, T.S.Bala
942 ## - ADDED ENTRY ELEMENTS (KOHA)
Source of classification or shelving scheme Dewey Decimal Classification
Item type English Books
Classification part 370
Call number suffix BAL
Holdings
Withdrawn status Lost status Not for loan Collection code Home library Current library Date acquired Source of acquisition Cost, normal purchase price Full call number Barcode Copy number Cost, replacement price Koha item type
      Non-fiction Central Library Central Library 02/09/2019 DBAD/PUB 500.00 370 BAL EN-109931 1 500.00 English Books

© Delhi Public Library
Hit Counter
free hit counter